000 00243nam a2200097Ia 4500
001 640825
005 20250826153454.0
008 250824s9999 xx 000 0 und d
245 0 _aPAPKİN GİZEMLİ ŞATO
_cİDİL ÜNLÜ
260 _bGENÇ TİMAŞ
999 _c640825
_d640825